WesGhost Discography - Statistics

General Stats
  • This quiz has been taken 3 times
  • The average score is 10 of 22
Answer Stats
Hint Answer % Correct
DON'T WORRY, I'LL BE FINE CURSED
100%
DON'T WORRY, I'LL BE FINE DOOMED
100%
DON'T WORRY, I'LL BE FINE DREAMS
100%
DON'T WORRY, I'LL BE FINE TEETH
100%
DON'T WORRY, I'LL BE FINE BORED
50%
DON'T WORRY, I'LL BE FINE DIRTBAG
50%
DON'T WORRY, I'LL BE FINE EXPIRED
50%
DON'T WORRY, I'LL BE FINE FACETIME
50%
AM I DREAMING? FEVER
50%
DON'T WORRY, I'LL BE FINE INSIDE
50%
AM I DREAMING? MISERY
50%
DON'T WORRY, I'LL BE FINE SPINE
50%
DON'T WORRY, I'LL BE FINE SWITCHBLADE
50%
AM I DREAMING? UNDRESS
50%
DON'T WORRY, I'LL BE FINE VEINS
50%
AM I DREAMING? BLEACH
0%
AM I DREAMING? BRAINDEAD
0%
DON'T WORRY, I'LL BE FINE DARK
0%
DON'T WORRY, I'LL BE FINE DEATBEAT - demo
0%
AM I DREAMING? PAPERCUTS
0%
DON'T WORRY, I'LL BE FINE RUINED
0%
AM I DREAMING? SADEYES
0%
No matching quizzes found
Score Distribution
Percent of People with Each Score
Percentile by Number Answered
Your Score History
You have not taken this quiz